[Event "RUS-ch Rapid 2021"]
[Site "Sochi"]
[Date "2021.10.12"]
[Round "5.11"]
[White "Oganian, Miran"]
[Black "Antipov, Mikhail Al."]
[Result "1-0"]
[WhiteElo "2441"]
[BlackElo "2619"]
[Annotator "TA"]
[PlyCount "173"]
[EventDate "2021.10.12"]
[EventType "swiss"]
[EventCountry "RUS"]
[SourceTitle "playchess.com"]
[Source "ChessBase"]
[SourceQuality "1"]

{[%evp 12,173,28,15,34,39,36,18,43,-87,9,-16,39,32,60,0,0,0,0,0,0,0,30,30,33,
25,34,3,7,7,7,7,9,9,8,6,15,9,20,9,12,10,10,10,10,1,1,1,16,1,4,4,6,1,1,0,1,0,1,
1,1,1,1,0,0,0,0,0,0,0,0,0,1,1,1,2,2,0,0,0,9,9,10,1,1,0,23,1,1,0,0,0,9,9,9,0,0,
0,0,0,9,0,0,0,0,0,0,0,124,110,110,110,376,357,324,364,357,349,409,372,423,162,
158,171,320,316,297,289,496,496,438,410,832,594,11637,6872,29970,29971,29970,
29963,29971,29967,29968,29971,29973,29973,29975,29974,29976,29977,29977,29978,
29978,29979,29979,29980,29980,29981,29981,29982,29982,29983,29983,29984]} 1. d4
Nf6 2. c4 g6 3. Nc3 d5 4. Bf4 Bg7 5. e3 c5 6. dxc5 Qa5 7. Rc1 Nbd7 {[%cal
Bb8d7,Bd7c5,Bc5e4][%mdl 32] D82: Grünfeld: 4 Bf4.} 8. cxd5 O-O $1 9. Bc4 Nxc5 {
The position is equal.} 10. a3 (10. Nge2 $14 {keeps the upper hand.}) 10...
Nfe4 (10... b5 $1 $17 {[%cal Rb5c4]} 11. b4 Qxa3 12. bxc5 bxc4) 11. Nge2 $11
Nxc3 (11... b5 $11 12. Bd3 Nxd3+ 13. Qxd3 {[%mdl 64] Double Attack} Nc5) 12.
Nxc3 $14 Ne4 {[%cal Re4c3] [#]} 13. b4 $146 ({Predecessor:} 13. Qb3 Bd7 14.
Qxb7 Nxc3 15. bxc3 Bxc3+ 16. Ke2 Rfc8 17. Qa6 Rxc4 18. Qxa5 Bxa5 19. Rxc4 {
1-0 (61) Batchuluun,T (2536)-Mchedlishvili,M (2571) Chess.com INT 2021}) 13...
Bxc3+ $11 14. Rxc3 Nxc3 15. Qb3 Qb6 {And now ...Qf6 would win.} 16. Qxc3 {
aiming for d6!} Qf6 (16... g5 {feels hotter.} 17. Bxg5 Qg6 18. Bxe7 Qb1+ 19.
Kd2 Qxh1 20. Bxf8 Qxg2 21. Qf6 Kxf8 22. d6 Qg6) 17. Qxf6 exf6 18. Bc7 Bf5 19.
Ke2 Rac8 (19... Rfc8 $5 20. d6 $8 Rxc7 21. dxc7 Rc8 $11) 20. d6 Rxc7 $1 21.
dxc7 {[%mdl 4096] Endgame Strongly threatening Bd5. KRB-KRB} Rc8 22. Rd1 {
With the idea Rd8+.} Rxc7 23. Rd4 Kg7 24. Kd2 Bd7 25. Bb3 Bc6 26. g3 f5 27. Rd6
Be4 28. h4 b6 29. Ba4 Kh6 30. Bd1 Bc6 31. Bb3 Kg7 32. Bc2 Kf8 33. Bd3 Bb7 (
33... Ke7 $5 34. Rd4 $8 b5 $11) 34. Bb5 Ke7 35. Rd4 Ke6 36. Bc4+ Ke5 37. Bb5
Bd5 38. Bd3 Bb3 39. Rd8 Ba4 40. Rh8 Rd7 {White must now prevent ...Bb5.} 41.
Kc3 h5 42. Re8+ Kf6 43. Rc8 Ke5 44. Re8+ Kf6 45. Rc8 Bd1 46. Bb5 Re7 47. Rc6+
Ke5 48. Rc8 Kf6 49. a4 Bf3 50. Bc4 Rd7 51. a5 bxa5 52. bxa5 Bb7 53. Rb8 Rc7 54.
Kd4 Rd7+ 55. Kc5 Be4 56. a6 (56. Kb4 {looks sharper.} Ke7 57. Rc8 Bb7 58. Rc5
Kd6 59. a6) 56... Rc7+ 57. Kd4 Ke7 58. Bb5 Bf3 59. Ke5 {[%csl Gb5][%cal Rb8e8]}
(59. Re8+ {keeps more tension.} Kf6 60. Bc4 Be4 61. Rd8 Bg2 62. Rb8) 59... f6+
{[#]} (59... Rc5+ $11 {remains equal.} 60. Kd4 Rd5+ 61. Kc3 Rc5+ 62. Kd4 Rc7)
60. Kd4 $1 $16 g5 61. Rh8 Rc2 $2 {[%mdl 8192] Loses the game.} (61... gxh4 $16
62. gxh4 Kd6) 62. Rh7+ $18 Kd6 63. Rd7+ ({Weaker is} 63. Rxa7 Rd2+ 64. Kc4 Rb2
$16) 63... Ke6 64. Rxa7 gxh4 65. gxh4 Rxf2 66. Bd7+ $2 (66. Bc4+ Kd6 67. Rf7)
66... Kd6 67. Bxf5 Bc6 {[#]} (67... Ra2 $142 68. Rd7+ Kc6) 68. e4 $1 Ra2 69.
Rf7 Ra4+ $2 (69... Rxa6 {keeps fighting.} 70. Rxf6+ Ke7 71. Re6+ Kf7) 70. Ke3
Rxa6 71. Rxf6+ Ke7 (71... Kc5 $142 72. Rh6 Ra3+ 73. Kf4 Be8) 72. Re6+ Kf7 73.
Kf4 Bb5 74. Rxa6 {White mates.} Bxa6 {KB-KB} 75. Kg5 Be2 76. e5 Ke7 77. Bg6 Ke6
78. Bxh5 Bc4 79. Kf4 Ke7 80. Bg6 Kf8 81. Kg5 Kg7 82. h5 Bb3 83. h6+ Kh8 84. Kf6
Bc4 85. Bf7 Bb5 86. e6 Kh7 87. Kg5 {Weighted Error Value: White=0.10/Black=0.11
} 1-0

[Event "RUS-ch Rapid 2021"]
[Site "Sochi"]
[Date "2021.10.12"]
[Round "5.12"]
[White "Sakaev, Konstantin"]
[Black "Ivlev, Aleksey"]
[Result "0-1"]
[WhiteElo "2603"]
[BlackElo "2315"]
[Annotator "TA"]
[PlyCount "70"]
[EventDate "2021.10.12"]
[EventType "swiss"]
[EventCountry "RUS"]
[SourceTitle "playchess.com"]
[Source "ChessBase"]
[SourceQuality "1"]

{[%evp 12,70,60,36,58,2,24,24,36,20,25,17,21,34,50,53,53,65,45,64,52,43,29,0,
66,41,48,57,45,27,43,0,0,-21,-13,-39,0,-30,-21,-49,-24,-33,0,-10,0,-13,-5,-5,
-5,-40,0,-24,-20,-29,-27,-97,-60,-115,-45,-543,-543]} 1. d4 Nf6 2. c4 c5 3. d5
e6 4. Nc3 exd5 5. cxd5 d6 6. e4 g6 7. Be2 Bg7 {A65: Modern Benoni: 6 e4.} 8.
Be3 ({White should play} 8. Nf3 $14) 8... O-O 9. Nf3 Bg4 {White has an edge.}
10. Nd2 Bxe2 11. Qxe2 Nbd7 12. O-O Re8 13. h3 a6 14. a4 $1 Rb8 15. a5 Qe7 {[#]}
16. Bg5 $146 ({Predecessor:} 16. Ra4 b5 17. axb6 Rxb6 18. Nc4 Rb4 19. Rxa6 Nb8
20. Ra2 Nfd7 21. Ra7 Qf8 22. Bf4 {1-0 (41) Halvax,G (2589)-Fernandez Siles,L 
(2195) Chess.com INT 2019}) 16... Qe5 17. Be3 Nh5 (17... Qe7 $1 $11) 18. Nc4
Qe7 19. g4 Nhf6 20. f3 Ne5 21. Nxe5 Qxe5 22. Kg2 Nd7 23. Bf2 Qe7 24. Rfe1 Be5
25. Qd2 Qf6 26. Ra2 Bf4 27. Be3 Bxe3 28. Qxe3 b5 29. axb6 $1 Rxb6 30. f4 (30.
g5 $5 {[%cal Rg5f6]} Qg7 31. Re2 $11) 30... Reb8 31. Re2 Qd4 32. Qg3 g5 33.
fxg5 (33. Rf2 $11) 33... Ne5 $17 34. h4 ({Better is} 34. Qe3 $15) 34... Nd3 {
[%mdl 1024] [#] Hoping for ...Nc1. Black has strong compensation.} 35. h5 $2 {
[%mdl 8192]} (35. Rd2 $15 c4 36. Kh1) 35... Nc1 {[%mdl 64] Double Attack. 
Weighted Error Value: White=0.44/Black=0.11} 0-1

[Event "RUS-ch Rapid 2021"]
[Site "Sochi"]
[Date "2021.10.12"]
[Round "5.13"]
[White "Bryakin, Mikhail"]
[Black "Kezin, Roman"]
[Result "1-0"]
[WhiteElo "2498"]
[BlackElo "2492"]
[Annotator "ChessBase"]
[PlyCount "91"]
[EventDate "2021.10.12"]
[EventType "swiss"]
[EventCountry "RUS"]
[SourceTitle "playchess.com"]
[Source "ChessBase"]
[SourceQuality "1"]
[TimeControl "900+10"]

1. d4 {[%emt 0:00:00]} d5 {[%emt 0:00:00]} 2. c4 {[%emt 0:00:11]} e6 {[%emt 0:
00:01]} 3. Nf3 {[%emt 0:00:00]} Nf6 {[%emt 0:00:06]} 4. g3 {[%emt 0:00:00]}
dxc4 {[%emt 0:00:47]} 5. Bg2 {[%emt 0:00:02]} c6 {[%emt 0:00:00]} 6. Ne5 {
[%emt 0:00:35]} Bb4+ {[%emt 0:00:01]} 7. Bd2 {[%emt 0:00:25]} Be7 {[%emt 0:00:
00]} 8. e3 {[%emt 0:00:14]} b5 {[%emt 0:00:00]} 9. b3 {[%emt 0:01:00]} cxb3 {
[%emt 0:00:23]} 10. axb3 {[%emt 0:00:05]} Bb7 {[%emt 0:00:23]} 11. O-O {
[%emt 0:01:39]} O-O {[%emt 0:00:01]} 12. Nc3 {[%emt 0:03:04]} a6 {[%emt 0:04:
47]} 13. Ne4 {[%emt 0:00:42]} Nxe4 {[%emt 0:02:38]} 14. Bxe4 {[%emt 0:00:04]}
Bd6 {[%emt 0:00:00]} 15. Ba5 {[%emt 0:01:33]} Qe7 {[%emt 0:00:16]} 16. Nd3 {
[%emt 0:00:49]} Nd7 {[%emt 0:01:37]} 17. Rc1 {[%emt 0:01:45]} Rac8 {[%emt 0:00:
23]} 18. f4 {[%emt 0:01:14]} Nf6 {[%emt 0:05:53]} 19. Bg2 {[%emt 0:00:03]} c5 {
[%emt 0:00:47]} 20. Bxb7 {[%emt 0:01:47]} Qxb7 {[%emt 0:00:01]} 21. dxc5 {
[%emt 0:00:00]} Be7 {[%emt 0:00:00]} 22. Qf3 {[%emt 0:00:25]} Qxf3 {[%emt 0:00:
26]} 23. Rxf3 {[%emt 0:00:01]} Bd8 {[%emt 0:00:18]} 24. Be1 {[%emt 0:01:09]}
Ne4 {[%emt 0:00:03]} 25. b4 {[%emt 0:00:05]} Bf6 {[%emt 0:00:08]} 26. Nf2 {
[%emt 0:00:09]} Nxf2 {[%emt 0:00:09]} 27. Rxf2 {[%emt 0:00:02]} Rfd8 {[%emt 0:
00:05]} 28. Ra2 {[%emt 0:00:02]} Rc6 {[%emt 0:00:11]} 29. Kf2 {[%emt 0:00:31]}
Rd3 {[%emt 0:00:17]} 30. Ke2 {[%emt 0:00:00]} Rb3 {[%emt 0:00:00]} 31. Rd1 {
[%emt 0:00:47]} Kf8 {[%emt 0:00:27]} 32. Rd7 {[%emt 0:00:12]} g6 {[%emt 0:00:
12]} 33. Bd2 {[%emt 0:01:02]} Rb2 {[%emt 0:00:08]} 34. Rxb2 {[%emt 0:00:14]}
Bxb2 {[%emt 0:00:00]} 35. Ra7 {[%emt 0:00:11]} h5 {[%emt 0:00:08]} 36. Kd3 {
[%emt 0:00:01]} Kg7 {[%emt 0:00:20]} 37. Bc3+ {[%emt 0:00:30]} Bxc3 {[%emt 0:
00:01]} 38. Kxc3 {[%emt 0:00:00]} Kf6 {[%emt 0:00:08]} 39. Kd4 {[%emt 0:00:02]}
Kg7 {[%emt 0:00:24]} 40. Ke5 {[%emt 0:00:03]} Kf8 {[%emt 0:00:11]} 41. Kf6 {
[%emt 0:00:07]} e5+ {[%emt 0:00:00]} 42. Kxe5 {[%emt 0:00:01]} Re6+ {[%emt 0:
00:00]} 43. Kd4 {[%emt 0:00:00]} f5 {[%emt 0:00:17]} 44. Kd5 {[%emt 0:00:06]}
Re4 {[%emt 0:00:03]} 45. c6 {[%emt 0:00:07]} Rc4 {[%emt 0:00:13]} 46. Kd6 {
[%emt 0:00:21]} 1-0

[Event "RUS-ch Rapid 2021"]
[Site "Sochi"]
[Date "2021.10.12"]
[Round "5.14"]
[White "Gochelashvili, David"]
[Black "Afanasiev, Nikita"]
[Result "1/2-1/2"]
[WhiteElo "2400"]
[BlackElo "2560"]
[Annotator "ChessBase"]
[PlyCount "91"]
[EventDate "2021.10.12"]
[EventType "swiss"]
[EventCountry "RUS"]
[SourceTitle "playchess.com"]
[Source "ChessBase"]
[SourceQuality "1"]
[TimeControl "900+10"]

1. e4 {[%emt 0:00:00]} d6 {[%emt 0:00:06]} 2. d4 {[%emt 0:00:08]} Nf6 {[%emt 0:
00:00]} 3. Nc3 {[%emt 0:00:03]} e5 {[%emt 0:00:09]} 4. Nge2 {[%emt 0:00:08]} c6
{[%emt 0:00:00]} 5. a4 {[%emt 0:00:30]} Be7 {[%emt 0:00:14]} 6. g3 {[%emt 0:00:
04]} Bg4 {[%emt 0:00:33]} 7. Bg2 {[%emt 0:00:00]} O-O {[%emt 0:03:22]} 8. h3 {
[%emt 0:00:19]} Bxe2 {[%emt 0:01:43]} 9. Nxe2 {[%emt 0:00:05]} exd4 {[%emt 0:
00:23]} 10. Nxd4 {[%emt 0:00:07]} Qa5+ {[%emt 0:00:34]} 11. Qd2 {[%emt 0:03:05]
} Qxd2+ {[%emt 0:00:33]} 12. Bxd2 {[%emt 0:00:01]} Re8 {[%emt 0:00:04]} 13.
O-O-O {[%emt 0:00:18]} Bf8 {[%emt 0:00:05]} 14. Rhe1 {[%emt 0:00:13]} Nbd7 {
[%emt 0:00:02]} 15. a5 {[%emt 0:01:05]} Nc5 {[%emt 0:00:35]} 16. f3 {[%emt 0:
00:17]} a6 {[%emt 0:00:56]} 17. Bg5 {[%emt 0:02:34]} Ncd7 {[%emt 0:02:26]} 18.
Nf5 {[%emt 0:00:05]} Re6 {[%emt 0:00:19]} 19. c4 {[%emt 0:03:37]} g6 {[%emt 0:
01:07]} 20. Nd4 {[%emt 0:01:20]} Re5 {[%emt 0:01:12]} 21. Bd2 {[%emt 0:00:01]}
Rae8 {[%emt 0:00:14]} 22. g4 {[%emt 0:01:02]} R5e7 {[%emt 0:00:39]} 23. Kc2 {
[%emt 0:01:27]} Bg7 {[%emt 0:00:56]} 24. Bc3 {[%emt 0:00:22]} Nc5 {[%emt 0:01:
29]} 25. b3 {[%emt 0:00:14]} Ne6 {[%emt 0:00:36]} 26. Nxe6 {[%emt 0:00:22]}
Rxe6 {[%emt 0:00:02]} 27. Rd2 {[%emt 0:00:10]} Bh6 {[%emt 0:00:10]} 28. Rdd1 {
[%emt 0:00:16]} Bf4 {[%emt 0:00:08]} 29. h4 {[%emt 0:00:23]} h6 {[%emt 0:00:33]
} 30. Bh3 {[%emt 0:00:18]} g5 {[%emt 0:00:20]} 31. hxg5 {[%emt 0:00:00]} hxg5 {
[%emt 0:00:00]} 32. Rh1 {[%emt 0:00:01]} Nd7 {[%emt 0:00:18]} 33. Bf1 {[%emt 0:
00:10]} Kf8 {[%emt 0:00:10]} 34. b4 {[%emt 0:00:14]} Ke7 {[%emt 0:00:17]} 35.
Be2 {[%emt 0:00:27]} Be5 {[%emt 0:00:08]} 36. Bd2 {[%emt 0:00:06]} Rg6 {
[%emt 0:00:07]} 37. Be3 {[%emt 0:00:32]} Rh8 {[%emt 0:00:00]} 38. Rxh8 {
[%emt 0:00:32]} Bxh8 {[%emt 0:00:00]} 39. Rh1 {[%emt 0:00:00]} Be5 {[%emt 0:00:
11]} 40. c5 {[%emt 0:00:05]} Bf4 {[%emt 0:00:14]} 41. Bd4 {[%emt 0:00:13]} Be5
{[%emt 0:00:14]} 42. Be3 {[%emt 0:00:03]} Bf4 {[%emt 0:00:13]} 43. Bd4 {
[%emt 0:00:26]} Be5 {[%emt 0:00:19]} 44. Be3 {[%emt 0:00:03]} Bf4 {[%emt 0:00:
14]} 45. Bd4 {[%emt 0:00:37]} Be5 {[%emt 0:00:11]} 46. Bf2 {[%emt 0:00:30]}
1/2-1/2

[Event "RUS-ch Rapid 2021"]
[Site "Sochi"]
[Date "2021.10.12"]
[Round "5.15"]
[White "Iljiushenok, Ilia"]
[Black "Makarian, Rudik"]
[Result "1-0"]
[WhiteElo "2554"]
[BlackElo "2470"]
[Annotator "ChessBase"]
[PlyCount "45"]
[EventDate "2021.10.12"]
[EventType "swiss"]
[EventCountry "RUS"]
[SourceTitle "playchess.com"]
[Source "ChessBase"]
[SourceQuality "1"]
[TimeControl "900+10"]

1. e4 {[%emt 0:00:04]} c5 {[%emt 0:00:00]} 2. Nf3 {[%emt 0:00:02]} d6 {[%emt 0:
00:11]} 3. d4 {[%emt 0:00:03]} cxd4 {[%emt 0:00:03]} 4. Nxd4 {[%emt 0:00:00]}
Nf6 {[%emt 0:00:00]} 5. Nc3 {[%emt 0:00:00]} a6 {[%emt 0:00:00]} 6. Rg1 {
[%emt 0:00:00]} h5 {[%emt 0:00:00]} 7. Bg5 {[%emt 0:00:09]} Nbd7 {[%emt 0:00:
20]} 8. Qd2 {[%emt 0:00:21]} b5 {[%emt 0:00:47]} 9. Bd3 {[%emt 0:00:52]} Bb7 {
[%emt 0:00:15]} 10. O-O-O {[%emt 0:00:00]} Nc5 {[%emt 0:01:30]} 11. Rge1 {
[%emt 0:00:23]} e6 {[%emt 0:00:53]} 12. Nd5 {[%emt 0:02:30]} Rc8 {[%emt 0:00:
00]} 13. Kb1 {[%emt 0:00:56]} Nxd3 {[%emt 0:01:48]} 14. Qxd3 {[%emt 0:01:03]}
exd5 {[%emt 0:00:13]} 15. exd5+ {[%emt 0:05:03]} Kd7 {[%emt 0:00:00]} 16. a4 {
[%emt 0:00:26]} Qb6 {[%emt 0:01:17]} 17. axb5 {[%emt 0:00:27]} Nxd5 {[%emt 0:
00:34]} 18. c4 {[%emt 0:00:59]} Nb4 {[%emt 0:00:07]} 19. Qb3 {[%emt 0:00:42]}
Qc5 {[%emt 0:00:39]} 20. bxa6 {[%emt 0:00:54]} Bxa6 {[%emt 0:00:31]} 21. Qa4+ {
[%emt 0:00:47]} Kc7 {[%emt 0:03:18]} 22. Bd2 {[%emt 0:00:00]} Rb8 {[%emt 0:00:
00]} 23. Bxb4 {[%emt 0:00:00]} 1-0

[Event "RUS-ch Rapid 2021"]
[Site "Sochi"]
[Date "2021.10.12"]
[Round "5.16"]
[White "Klukin, Kirill"]
[Black "Khanin, Semen"]
[Result "1/2-1/2"]
[WhiteElo "2346"]
[BlackElo "2521"]
[Annotator "ChessBase"]
[PlyCount "89"]
[EventDate "2021.10.12"]
[EventType "swiss"]
[EventCountry "RUS"]
[SourceTitle "playchess.com"]
[Source "ChessBase"]
[SourceQuality "1"]
[TimeControl "900+10"]

1. d4 {[%emt 0:00:00]} Nf6 {[%emt 0:00:52]} 2. Nf3 {[%emt 0:00:09]} e6 {
[%emt 0:00:00]} 3. e3 {[%emt 0:00:00]} c5 {[%emt 0:00:07]} 4. Bd3 {[%emt 0:00:
03]} d5 {[%emt 0:00:07]} 5. b3 {[%emt 0:00:14]} Be7 {[%emt 0:00:32]} 6. Bb2 {
[%emt 0:00:00]} O-O {[%emt 0:00:00]} 7. O-O {[%emt 0:00:06]} b6 {[%emt 0:00:02]
} 8. Nbd2 {[%emt 0:00:18]} Bb7 {[%emt 0:00:02]} 9. Qe2 {[%emt 0:00:15]} Nbd7 {
[%emt 0:00:03]} 10. Ne5 {[%emt 0:00:16]} Qc7 {[%emt 0:00:35]} 11. f4 {[%emt 0:
01:49]} Ne4 {[%emt 0:00:04]} 12. Nxd7 {[%emt 0:01:05]} Qxd7 {[%emt 0:00:02]}
13. Nxe4 {[%emt 0:00:12]} dxe4 {[%emt 0:00:00]} 14. Bc4 {[%emt 0:00:02]} Bf6 {
[%emt 0:02:14]} 15. Rad1 {[%emt 0:00:19]} Qe7 {[%emt 0:00:54]} 16. f5 {[%emt 0:
01:48]} exf5 {[%emt 0:00:16]} 17. Rxf5 {[%emt 0:00:04]} cxd4 {[%emt 0:01:20]}
18. Bxd4 {[%emt 0:00:20]} Bxd4 {[%emt 0:00:00]} 19. Rxd4 {[%emt 0:00:01]} Kh8 {
[%emt 0:00:16]} 20. Qd2 {[%emt 0:00:37]} Bc6 {[%emt 0:01:37]} 21. Bd5 {[%emt 0:
01:38]} Bxd5 {[%emt 0:00:10]} 22. Rfxd5 {[%emt 0:00:00]} f5 {[%emt 0:01:02]}
23. Rd7 {[%emt 0:00:15]} Qg5 {[%emt 0:00:00]} 24. R4d5 {[%emt 0:00:33]} a5 {
[%emt 0:01:17]} 25. a4 {[%emt 0:00:04]} h5 {[%emt 0:00:38]} 26. h3 {[%emt 0:02:
36]} Rf6 {[%emt 0:00:16]} 27. Qf2 {[%emt 0:00:27]} h4 {[%emt 0:00:12]} 28. Re7
{[%emt 0:02:54]} Raf8 {[%emt 0:00:19]} 29. Qf4 {[%emt 0:00:33]} Qxf4 {[%emt 0:
02:12]} 30. exf4 {[%emt 0:00:03]} Rc8 {[%emt 0:00:03]} 31. c4 {[%emt 0:00:00]}
Rcc6 {[%emt 0:00:12]} 32. Ree5 {[%emt 0:01:00]} Rcd6 {[%emt 0:01:24]} 33. Rxd6
{[%emt 0:01:43]} Rxd6 {[%emt 0:00:03]} 34. Rxf5 {[%emt 0:00:00]} Rd2 {[%emt 0:
02:30]} 35. Re5 {[%emt 0:00:07]} Rb2 {[%emt 0:00:03]} 36. Rb5 {[%emt 0:00:57]}
e3 {[%emt 0:00:00]} 37. Kf1 {[%emt 0:00:01]} Rf2+ {[%emt 0:00:05]} 38. Ke1 {
[%emt 0:00:00]} Rxg2 {[%emt 0:00:13]} 39. Rxb6 {[%emt 0:00:02]} Rh2 {[%emt 0:
00:03]} 40. Ra6 {[%emt 0:00:48]} Rxh3 {[%emt 0:00:24]} 41. Rxa5 {[%emt 0:00:00]
} g6 {[%emt 0:00:07]} 42. c5 {[%emt 0:00:00]} Rh1+ {[%emt 0:00:46]} 43. Ke2 {
[%emt 0:00:04]} Rc1 {[%emt 0:00:02]} 44. Ra8+ {[%emt 0:00:38]} Kg7 {[%emt 0:00:
00]} 45. Ra7+ {[%emt 0:00:03]} 1/2-1/2

[Event "RUS-ch Rapid 2021"]
[Site "Sochi"]
[Date "2021.10.12"]
[Round "5.17"]
[White "Demidov, Mikhail"]
[Black "Usmanov, Vasily"]
[Result "1-0"]
[WhiteElo "2551"]
[BlackElo "2447"]
[Annotator "ChessBase"]
[PlyCount "53"]
[EventDate "2021.10.12"]
[EventType "swiss"]
[EventCountry "RUS"]
[SourceTitle "playchess.com"]
[Source "ChessBase"]
[SourceQuality "1"]
[TimeControl "900+10"]

1. d4 {[%emt 0:00:09]} d5 {[%emt 0:00:06]} 2. Nf3 {[%emt 0:00:00]} Nf6 {
[%emt 0:00:10]} 3. Bf4 {[%emt 0:00:01]} Nh5 {[%emt 0:00:29]} 4. Bd2 {[%emt 0:
00:24]} Nf6 {[%emt 0:01:14]} 5. c4 {[%emt 0:00:06]} e6 {[%emt 0:00:05]} 6. Nc3
{[%emt 0:00:10]} Be7 {[%emt 0:00:58]} 7. e3 {[%emt 0:00:21]} O-O {[%emt 0:00:
11]} 8. Bd3 {[%emt 0:00:03]} dxc4 {[%emt 0:00:10]} 9. Bxc4 {[%emt 0:00:00]} c5
{[%emt 0:00:01]} 10. O-O {[%emt 0:00:37]} a6 {[%emt 0:00:10]} 11. dxc5 {
[%emt 0:01:00]} Bxc5 {[%emt 0:00:04]} 12. Qc2 {[%emt 0:00:20]} Qe7 {[%emt 0:01:
10]} 13. e4 {[%emt 0:02:40]} b5 {[%emt 0:03:18]} 14. Bd3 {[%emt 0:01:40]} e5 {
[%emt 0:00:27]} 15. a4 {[%emt 0:00:54]} b4 {[%emt 0:06:34]} 16. Nd5 {[%emt 0:
00:03]} Nxd5 {[%emt 0:00:01]} 17. exd5 {[%emt 0:00:00]} h6 {[%emt 0:00:27]} 18.
Nxe5 {[%emt 0:00:59]} Bb7 {[%emt 0:02:16]} 19. Rae1 {[%emt 0:00:45]} Rc8 {
[%emt 0:00:04]} 20. Bh7+ {[%emt 0:01:33]} Kh8 {[%emt 0:00:16]} 21. Ng6+ {
[%emt 0:00:16]} fxg6 {[%emt 0:00:00]} 22. Rxe7 {[%emt 0:00:03]} Bxe7 {[%emt 0:
00:24]} 23. Qxg6 {[%emt 0:00:58]} Bxd5 {[%emt 0:00:11]} 24. Qh5 {[%emt 0:00:34]
} Kxh7 {[%emt 0:00:14]} 25. Qf5+ {[%emt 0:00:18]} Kh8 {[%emt 0:00:07]} 26.
Qxc8+ {[%emt 0:00:03]} Bg8 {[%emt 0:00:08]} 27. Qb7 {[%emt 0:00:04]} 1-0

[Event "RUS-ch Rapid 2021"]
[Site "Sochi"]
[Date "2021.10.12"]
[Round "5.18"]
[White "Nazaretyan, Tigran"]
[Black "Nozdrachev, Vladislav"]
[Result "1/2-1/2"]
[WhiteElo "2316"]
[BlackElo "2495"]
[Annotator "TA"]
[PlyCount "150"]
[EventDate "2021.10.12"]
[EventType "swiss"]
[EventCountry "RUS"]
[SourceTitle "playchess.com"]
[Source "ChessBase"]
[SourceQuality "1"]

{[%evp 10,150,58,6,12,0,15,-12,5,0,5,0,7,0,18,8,24,13,44,31,39,-20,0,-19,-13,
-66,-66,-66,-74,-70,-63,-66,-71,-58,-58,-58,-58,-58,-58,-58,-58,-58,-58,-71,
-58,-66,-72,-72,-73,-73,-54,-83,-54,-66,-54,-73,-68,-71,-73,-73,-73,-69,-69,
-75,-52,-64,-52,-52,0,-8,0,0,0,0,0,-8,-8,-8,-8,-65,-65,-64,-64,-65,-65,-70,-70,
-70,-70,-70,-70,-70,-70,-70,-70,-70,-70,-70,-70,-70,-70,-70,-70,-70,-70,-70,
-70,-70,-70,-70,-70,-70,-70,-70,-70,-70,-70,-70,0,-70,-70,-70,-70,-70,-70,-70,
-70,-70,-70,-70,-70,-70,-70,-70,-70,-70,-70,-70,-70,-70,0,0,0]} 1. d4 Nf6 2. c4
e6 3. Nf3 b6 4. a3 Bb7 5. Nc3 g6 6. g3 (6. Qc2 $14) 6... Bg7 $11 {E12: Queen's
Indian: Unusual White 4th moves, 4 a3, 4 Nc3 Bb7 5 a3 and 4 Nc3 Bb7 .} 7. Bg2
O-O 8. O-O d5 9. Ne5 {[#]} Qc8 $146 ({Predecessor:} 9... c6 10. b4 Nbd7 11.
cxd5 Nxd5 12. Nxd5 cxd5 13. Nf3 Rc8 14. Bf4 Qe7 15. Rc1 b5 16. Qd2 Nb6 {
0-1 (29) Rychlik,H-Dec,L Krakow 1999}) 10. cxd5 Nxd5 11. Nxd5 exd5 12. Bf4 Qe6
13. b4 c6 14. a4 a5 15. Rb1 (15. bxa5 $14 Bxe5 16. dxe5 (16. Bxe5 Rxa5 17. Qb3
Nd7 $11) 16... Rxa5 17. e4) 15... axb4 16. Rxb4 c5 17. dxc5 (17. Rb3 $11) 17...
Bxe5 $15 18. Rxb6 Bc6 19. Rxc6 Nxc6 20. Bxd5 {[#]} Rfd8 $1 {[%cal Rd8d5]} 21.
Bxe6 Rxd1 22. Bxf7+ Kxf7 23. Rxd1 Bxf4 24. gxf4 Rxa4 $17 {[%mdl 4096] Endgame
KRN-KR} 25. e3 Rc4 26. Rd7+ Ne7 27. Rc7 Ke6 28. Kg2 Ra4 29. Kf3 Ra3 30. h3 h5
31. Kg2 Rc3 32. Kg1 Nd5 33. Rc6+ Kf7 34. Kg2 Nb4 35. Rc7+ Ke6 36. Kg3 Nd3 37.
Rc6+ Kf5 {...Nxf4 is the strong threat.} 38. f3 {[%csl Gf3][%cal Re3e4]} Nxc5 (
{Black should try} 38... h4+ $1 $15 39. Kxh4 Ne1 {[%mdl 64] Discovered Attack}
40. e4+ Kxf4 41. Rf6+ Ke3) 39. Kh4 Rc4 40. Kg3 h4+ {[%mdl 64] [#] Decoy} 41.
Kxh4 g5+ 42. Kh5 gxf4 43. exf4 Kxf4 44. Rf6+ ({Better is} 44. h4 $11) 44... Kg3
$15 45. f4 Ne4 46. Rf8 Rc6 {And now ...Nf6+ would win.} 47. Rg8+ Kxf4 {( -> ...
Nf6+)} 48. Rf8+ Kg3 {Strongly threatening ...Nf6+.} 49. Ra8 Rc5+ 50. Kg6 Kxh3
51. Ra1 Kg4 52. Rg1+ Kf4 53. Rf1+ Ke3 54. Kf7 Kd4 55. Ke6 Rc6+ 56. Kd7 Rh6 57.
Rf5 Nf6+ (57... Ra6 {seems wilder.} 58. Rf4 Ke5 59. Rf1 Nc3 60. Rc1 Rd6+) 58.
Ke6 Ng4+ 59. Ke7 Ke4 60. Rf1 Ne3 61. Re1 Kd4 (61... Ra6 {is more complex.} 62.
Rh1 Kd3 63. Rh3 Rb6 64. Kf7 Kd4) 62. Kd7 Nf5 63. Ra1 Ne3 64. Re1 $1 Nc4 65.
Rd1+ Kc5 66. Ke7 Ne3 67. Re1 Nd5+ 68. Kf7 Kd6 69. Ra1 Rf6+ 70. Kg7 Rf5 71. Kg6
Ne7+ 72. Kg7 Rf2 73. Rd1+ Ke6 74. Re1+ Kf5 (74... Kd7 $1 $15) 75. Rxe7 $11 {
White wants to mate with Rf7+.} Kg4 {Weighted Error Value: White=0.11/Black=0.
05} 1/2-1/2